Statistics for Top 3 Countries in S...

Click here to take the quiz!

General Stats

  • This quiz has been taken 62 times
    (58 since last reset)
  • The average score is 19 of 27

Answer Stats

Most... Country % Correct
Soybean productionUnited States
93%
Brazil
93%
Shia muslims (in total)Iran
93%
India
93%
Sunni muslims (in total)Indonesia
88%
Norway
88%
Sweet potato productionChina
88%
Pakistan
88%
United Kingdom
83%
Argentina
75%
Stable countryFinland
75%
Switzerland
70%
Vietnam
68%
Sweat shopsBangladesh
68%
South Africa
65%
Sheanut productionNigeria
63%
Malaysia
58%
Cambodia
48%
Singapore
38%
Seafood consumption per capitaPortugal
33%
Mali
25%
Uganda
20%
Burkina Faso
15%

Score Distribution

Percentile by Number Answered

Percent of People with Each Score

Your Score History

You have not taken this quiz since the last reset